000 00655nam a2200253Ia 4500
003 OSt
005 20220918164657.0
006 a|||||r|||| 00| 0
007 ta
008 220917b |||||||| |||| 00| 0 eng d
020 _a071008871X
024 _a243,441
037 _cTextual
040 _aARTS
_cARTS
_beng
041 _2eng
_aeng
082 _aMV41.1.K60<---I94, L9
100 _aDuffy Christopher
_920015
245 0 _aSiege warfare
260 _aLondon
_bRutledge UK
_c1979
300 _a289p.
_ccm.
650 _aARTS
942 _hMV41.1.K60<---I94, L9
_cTEXL
_2CC
999 _c125898
_d125898